Europe biggest urban areas by population - Statistics

General Stats
  • This quiz has been taken 80 times
  • The average score is 10 of 20
Answer Stats
Hint Answer % Correct
2. 10 236 000 London
97%
1. 10 858 000 Paris
94%
4. 6 171 000 Madrid
68%
7. 4 069 000 Berlin
65%
5. 5 257 000 Milan
62%
6. 4 693 000 Barcelona
59%
8. 3 906 000 Rome
59%
10. 3 484 000 Athens
49%
3. 6 679 000 Ruhr Area
48%
14. 2 448 000 Birmingham
46%
9. 3 706 000 Naples
46%
11. 2 666 000 Lisbon
45%
13. 2 560 000 Manchester
41%
20. 1 911 000 Munich
39%
16. 2 072 000 Brussels
35%
17. 2 057 000 Hamburg
35%
19. 1 932 000 Bucharest
29%
12. 2 657 000 Rotterdam-Haag
26%
18. 2 003 000 Cologne-Bonn
23%
15. 2 231 000 Katowice
13%
No matching quizzes found
Score Distribution
Percent of People with Each Score
Percentile by Number Answered
Your Score History
You have not taken this quiz